000 00627nam a2200241Ia 4500
003 OSt
005 20221007073506.0
006 a|||||r|||| 00| 0
007 ta
008 221006b |||||||| |||| 00| 0 eng d
020 _cRs. 60/-
024 _a7,938
037 _cTextual
040 _aFLL
_cFLL
_beng
041 _2eng
_aeng
082 _aY5:1:6, M4
100 _aSivaramayya B.
_9263018
245 0 _aInequalities and the law
260 _aLucknow
_bEastern Book Company India
_c1984
300 _aviii,180p
_ccm.
942 _hY5:1:6, M4
_cTEXL
_2CC
999 _c1148919
_d1148919